Drapeaux des 280 Pays et territoires - Statistiques

Statistiques générales
  • Ce quiz a été pris 77 fois
  • Le résultat moyen est 172 sur 280
Statistiques - réponses
Par images Réponse % Correct
Liban
96%
Portugal
89%
Royaume-Uni
89%
Algerie
86%
Allemagne
86%
Colombie
86%
Danemark
86%
Espagne
86%
Finlande
86%
France/Saint Martin
86%
Grece
86%
Kenya
86%
Norvège/Svalbard et Jan Mayen
86%
Russie
86%
Tunisie
86%
Turkménistan
86%
Costa Rica
82%
Irlande
82%
Italie
82%
Luxembourg
82%
Malte
82%
Pays-Bas
82%
Suède
82%
Afrique du Sud
79%
Albanie
79%
Belgique
79%
Botswana
79%
Brésil
79%
Cameroun
79%
Canada
79%
Gabon
79%
Islande
79%
Japon
79%
Macédoine du Nord
79%
Madagascar
79%
Maldives
79%
Népal
79%
Panama
79%
Pologne
79%
Singapour
79%
Suisse
79%
Timor Oriental
79%
Vatican
79%
Angola
75%
Australie
75%
Autriche
75%
Barbade
75%
Bélize
75%
Bhoutan
75%
Bretagne (France)
75%
Cambodge
75%
Chypre
75%
Corée du Sud
75%
Cuba
75%
Ghana
75%
Iles Féroé
75%
Iles Marshall
75%
Inde/Iles Adaman et Nicobar
75%
Kazakhstan
75%
Laos
75%
Lettonie
75%
Maroc
75%
Mexique
75%
Monaco
75%
Mozambique
75%
Pakistan
75%
Palestine
75%
Pays de Galles
75%
Pérou
75%
Philippines
75%
République Démocratique du Congo
75%
République Tchèque
75%
Sainte Lucie
75%
Saint-Marin
75%
Sénégal
75%
Seychelles
75%
Tanzanie
75%
Ukraine
75%
Uruguay
75%
Vénézuela
75%
Andorre
71%
Arabie Saoudite
71%
Argentine
71%
Bahreïn
71%
Bulgarie
71%
Burkina Faso
71%
Chili
71%
Chine
71%
Croatie
71%
Dominique
71%
Ecosse
71%
Egypte
71%
Erythrée
71%
Estonie
71%
Etats-Unis
71%
Ethiopie
71%
Géorgie
71%
Hongrie
71%
Indonésie
71%
Iran
71%
Jamaïque
71%
Jordanie
71%
Kosovo
71%
Lituanie
71%
Maurice
71%
Moldavie
71%
Myanmar/Birmanie
71%
Nicaragua
71%
Niger
71%
Nigeria
71%
Nouvelle-Zélande
71%
Ouganda
71%
Paraguay
71%
Qatar
71%
Roumanie
71%
Serbie
71%
Tadjikistan
71%
Taiwan
71%
Thailande
71%
Tonga
71%
Turquie
71%
Vietnam
71%
Zimbabwe
71%
Afghanistan
68%
Angleterre
68%
Antigua & Barbuda
68%
Arménie
68%
Azerbaïdjan
68%
Bahamas
68%
Bangladesh
68%
Bénin
68%
Bielorussie
68%
Bosnie-Herzegovine
68%
Bruneï
68%
Burundi
68%
Cap Vert
68%
Comores
68%
Corée du Nord
68%
Cote d'Ivoire
68%
El Salvador
68%
Emirats Arabes Unis
68%
Equateur
68%
Eswatini
68%
Guatemala
68%
Guinée-Bissau
68%
Guinée Equatoriale
68%
Guyana
68%
Haïti
68%
Honduras
68%
Hong Kong
68%
Irak
68%
Irlande du Nord
68%
Israël
68%
Kirghizistan
68%
Kiribati
68%
Koweït
68%
Libye
68%
Liechtenstein
68%
Malaisie
68%
Malawi
68%
Mauritanie
68%
Micronésie
68%
Mongolie
68%
Montenegro
68%
Namibie
68%
Nauru
68%
Oman
68%
Ouzbékistan
68%
Palaos
68%
Papouasie Nouvelle-Guinée
68%
République Centrafricaine
68%
République Dominicaine
68%
Samoa
68%
Slovaquie
68%
Slovenie
68%
Somalie
68%
Sri Lanka
68%
Tchad
68%
Togo
68%
Zambie
68%
Djibouti
64%
Grenade
64%
Groenland
64%
Ile de Man
64%
La Réunion
64%
Lesotho
64%
Liberia
64%
Mali
64%
République du Congo
64%
Rwanda
64%
Saint Vincent & les Grenadines
64%
Sao Tomé & Principe
64%
Sierra Leone
64%
Suriname
64%
Trinité & Tobago
64%
Fidji
61%
Gambie
61%
Guam
61%
Guinée
61%
Nouvelle-Calédonie
61%
Porto Rico
61%
Soudan du Sud
61%
Syrie
61%
Tuvalu
61%
Vanuatu
61%
Yemen
61%
Bolivie
57%
Gibraltar
57%
Iles Salomon
57%
Macao
57%
Pays Basque (france/Espagne)
57%
Saint-Pierre-et-Miquelon
57%
Soudan
57%
Guyane Française
54%
Jersey
54%
Iles Vierges Américaines
50%
Polynésie Française
50%
République Turque de Chypre du Nord
50%
Saint Christophe & Nieves
50%
Wallis & Futuna
50%
Guadeloupe
46%
Haut Karabagh (2024)
46%
Ile Norfolk
46%
Les Açores
46%
Martinique
46%
Aland
43%
Aruba
43%
Bonaire
43%
Curaçao
43%
Iles Cook
43%
Abkhazie
39%
Bermudes
39%
Kurdistan
39%
Mayotte
39%
Anguilla
36%
Iles Cocos (Keling)
36%
Iles Malouines/Falklands
36%
Iles Vierges Britanniques
36%
Niue
36%
Ossétie du Sud
36%
Saint Barthélémy
36%
Samoa Americaines
36%
Somaliland
36%
Tibet
36%
Iles Mariannes du Nord
32%
Montserrat
32%
République Arabe Sahraouie Démocratique
32%
Sint Marteen
32%
Tokelau
32%
Ile Christmas
29%
Savoie (France)
29%
Transnistrie
29%
Iles Canaries
25%
Iles Turques et Caïques
25%
Sainte-Hélène
25%
Tristan da Cunha
25%
Saba
21%
Saint Eustache
21%
Guernsey
18%
Ile de l'Ascension
18%
Iles Caïmans
18%
Iles Pitcairn
18%
Madère
18%
Cachemire/Kashmir
14%
Ceuta
14%
Bougainville
11%
Cornouailles (UK)
11%
Terre de Feu (Argentine)
11%
Géorgie du Sud/Iles Sandwich
7%
Ile de Pâques
7%
Iles Baléares
7%
Melilla
7%
Adjarie (Géorgie)
4%
Ambazonie (Cameroun)
4%
Iles Shetland
4%
Magallanes (Chili)
4%
Badakhstan (Tadjikistan)
0%
Biafra (Nigeria)
0%
Iles Galapagos
0%
Orcades/Orkney (UK)
0%
Aucun quiz correspondant
Distribution des résultats
% des personnes avec chaque résultat
Percentile par nombre de réponses
Votre historique - résultats
Vous n’avez pas pris ce quiz